Análisis estructurado moderno

Gespeichert in:
Bibliographische Detailangaben
1. Verfasser: Yourdon, Edward (VerfasserIn)
Format: Buch
Sprache:Spanisch
Veröffentlicht: Ciudad de México Prentice-Hall Hispanoamericana 1993
Ausgabe:1a. ed
Schlagworte:
Tags: Tag hinzufügen
Keine Tags, Fügen Sie den ersten Tag hinzu!

MARC

LEADER 00000cam a2200000 a 4500
001 UCX9117
003 CL-VaPUC
008 940517e19930000MX |||||||||||||||||spa|d
020 |a 9688803030 
082 0 4 |a 005.113  |b YOU  |2 21 
100 0 |a Yourdon, Edward  |e author  |9 326422 
245 1 0 |a Análisis estructurado moderno 
250 |a 1a. ed 
300 |a 735 p 
942 |c BK 
945 |d 19940517 00:00:00  |a mfernand 
260 |a Ciudad de México  |b Prentice-Hall Hispanoamericana  |c 1993 
650 7 |a PROGRAMACION ESTRUCTURADA  |2 CL-VaPUC  |9 326423 
650 0 |a Análisis de sistemas   |9 260059 
650 7 |a FLUJOGRAMAS  |2 CL-VaPUC  |9 263749 
583 |a last modification  |c 20131021 04:57:49  |k Rodrigo Vera 
999 |c 228442  |d 228440 
952 |0 0  |1 0  |4 0  |6 005_113000000000000_YOU_1993  |7 0  |8 A  |9 228494  |a BIBING  |b BIBING  |d 2019-11-15  |i 4111257  |l 1  |o 005.113 YOU 1993  |p 4111257  |r 2025-01-20  |s 2024-10-09  |w 2019-11-15  |y BK  |k CCI 
952 |0 0  |1 0  |4 0  |6 005_113000000000000_YOU_1993  |7 0  |8 A  |9 228496  |a BIBING  |b BIBING  |d 2019-11-15  |i 4111273  |l 1  |o 005.113 YOU 1993  |p 4111273  |r 2025-01-20  |s 2023-08-08  |w 2019-11-15  |y BK  |k CCI 
952 |0 0  |1 0  |4 0  |6 005_113000000000000_YOU_1993  |7 0  |8 A  |9 228498  |a BIBING  |b BIBING  |d 2019-11-15  |i 411129K  |o 005.113 YOU 1993  |p 411129K  |r 2025-01-20  |w 2019-11-15  |y BK  |k CCI 
952 |0 0  |1 0  |4 0  |6 005_113000000000000_YOU_1993  |7 0  |8 A  |9 228500  |a BIBING  |b BIBING  |d 2019-11-15  |i 4111311  |o 005.113 YOU 1993  |p 4111311  |r 2025-01-20  |w 2019-11-15  |y BK  |k CCI 
952 |0 0  |1 0  |4 0  |6 005_113000000000000_YOU_1993  |7 0  |8 A  |9 228501  |a BIBING  |b BIBING  |d 2019-11-15  |i 411132K  |o 005.113 YOU 1993  |p 411132K  |r 2025-01-20  |w 2019-11-15  |y BK  |k CCI 
952 |0 0  |1 0  |4 0  |6 005_113000000000000_YOU_1993  |7 0  |8 A  |9 228502  |a BIBING  |b BIBING  |d 2019-11-15  |i 4130812  |o 005.113 YOU 1993  |p 4130812  |r 2025-01-20  |w 2019-11-15  |y BK  |k CCI 
952 |0 0  |1 0  |4 0  |6 005_113000000000000_YOU_1993  |7 0  |8 A  |9 228504  |a BIBING  |b BIBING  |d 2019-11-15  |i 4130839  |l 1  |o 005.113 YOU 1993  |p 4130839  |r 2025-01-20  |s 2024-10-09  |w 2019-11-15  |y BK  |k CCI 
952 |0 0  |1 0  |4 0  |6 005_113000000000000_YOU_1993  |7 0  |8 A  |9 228505  |a BIBING  |b BIBING  |d 2019-11-15  |i 4130847  |o 005.113 YOU 1993  |p 4130847  |r 2025-01-20  |w 2019-11-15  |y BK  |k CCI 
952 |0 0  |1 0  |4 0  |6 005_113000000000000_YOU_1993  |7 0  |8 A  |9 228506  |a BIBING  |b BIBING  |d 2019-11-15  |i 4130855  |o 005.113 YOU 1993  |p 4130855  |r 2025-01-20  |w 2019-11-15  |y BK  |k CCI 
952 |0 0  |1 0  |4 0  |6 005_113000000000000_YOU_1993  |7 0  |8 A  |9 228509  |a BIBING  |b BIBING  |d 2019-11-15  |i 413088K  |o 005.113 YOU 1993  |p 413088K  |r 2025-01-20  |w 2019-11-15  |y BK  |k CCI 
952 |0 0  |1 0  |3 erb  |4 0  |6 005_113000000000000_YOU_1993  |7 0  |8 A  |9 228510  |a BIBING  |b BIBING  |d 2019-11-15  |i 5024587  |l 2  |m 2  |o 005.113 YOU 1993  |p 5024587  |r 2025-01-20  |s 2024-10-23  |w 2019-11-15  |y BK  |z Catalogado en:20131025  |k EII